SIAM Journal on matrix analysis and applications

Gespeichert in:
Bibliographische Detailangaben
Format: Schriftenreihe
Veröffentlicht: 1995
Tags: Tag hinzufügen
Keine Tags, Fügen Sie das erste Tag hinzu!

MARC

LEADER 00000nas a22000003a 4500
001 stu69855
005 20141122001102.3
008 011106s1995----------------------------d
040 |a STU  |b slo 
041 0
245 |a SIAM Journal on matrix analysis and applications 
260 |c 1995 
500 |a 1995 
500 |a 4 
500 |a 1-4 
773 0 |t SIAM Journal on matrix analysis and applications  |w stu_us_cat*stu60247  |x 0895-4798  |7 nnas 
996 |d Vol. 16, 1995  |v Vol. 16  |y 1995  |l EE0103  |s A  |a 24  |w stu69855_0001